000 01381nam2a22002411 4500
001 rc\4075904
005 20250611081831.0
021 _aRU
_b[46-19746]
035 _a(NLR Aleph) 008122759
090 _a9374109
_c9374109
100 _a20130415d1947 |||y0rusy50 ca
101 0 _arus
102 _aRU
105 _ay z |||||
200 0 _aВып. 2
210 _d1947 [в вып. данных: 1946]
_aБ. м.
215 _a36 с. без тит. л.
461 0 _1001rc\4075902
_12001#$aEnglish by correspondence$eУчебник англ. яз.$eДля высш. учеб. заведений заоч. обучения$fСост. А. Петровой и С. Понтович$g[Под ред. С. Суворова$gДопущ. Министерством высш. образования СССР]. Вып. 1-$vВып. 2
_1700#1$aПетрова$bА.В.$gАнастасия Владимировна
_99374100
_aПетрова, А. В. (канд. пед. наук, англ. язык ; 1902-1984)
_cМосква
_d1947
_fСост. А. Петровой и С. Понтович
_nИзд-во лит. на иностр. яз.
_oУчебник англ. яз. : Для высш. учеб. заведений заоч. обучения
_tEnglish by correspondence
_vВып. 2
801 0 _aRU
_bNLR
_gpsbo
801 1 _aRU
_bELAR
_2rusmarc
852 _aNLR
_jЯ60 Г-6/89
942 _cBOOK
980 _aNB